<?xml version="1.0" encoding="UTF-8"?><?xml-stylesheet type="text/xsl" href="static/style.xsl"?><OAI-PMH xmlns="http://www.openarchives.org/OAI/2.0/" xmlns:xsi="http://www.w3.org/2001/XMLSchema-instance" xsi:schemaLocation="http://www.openarchives.org/OAI/2.0/ http://www.openarchives.org/OAI/2.0/OAI-PMH.xsd"><responseDate>2026-04-28T01:44:04Z</responseDate><request verb="GetRecord" identifier="oai:riubu.ubu.es:10259/4474" metadataPrefix="marc">https://riubu.ubu.es/oai/request</request><GetRecord><record><header><identifier>oai:riubu.ubu.es:10259/4474</identifier><datestamp>2022-04-26T11:42:10Z</datestamp><setSpec>com_10259_2699</setSpec><setSpec>col_10259_2703</setSpec></header><metadata><record xmlns="http://www.loc.gov/MARC21/slim" xmlns:doc="http://www.lyncode.com/xoai" xmlns:xsi="http://www.w3.org/2001/XMLSchema-instance" xmlns:dcterms="http://purl.org/dc/terms/" xsi:schemaLocation="http://www.loc.gov/MARC21/slim http://www.loc.gov/standards/marcxml/schema/MARC21slim.xsd">
<leader>00925njm 22002777a 4500</leader>
<datafield tag="042" ind1=" " ind2=" ">
<subfield code="a">dc</subfield>
</datafield>
<datafield tag="720" ind1=" " ind2=" ">
<subfield code="a">Messina, Salvatore</subfield>
<subfield code="e">author</subfield>
</datafield>
<datafield tag="260" ind1=" " ind2=" ">
<subfield code="c">2017</subfield>
</datafield>
<datafield tag="520" ind1=" " ind2=" ">
<subfield code="a">En la presente tesis doctoral se desarrolla un estudio de investigación que persigue la formación de docentes que trabajan con alumnado con necesidades educativas especiales (AcNEE), tanto en contextos de aulas ordinarias como especiales, para el desarrollo de su competencia digital. Se diseña, desarrolla y evalúa un proceso formativo basado en la metodología EAS (Episodios de Aprendizaje Situado) y su aplicación a las aulas. Participan maestros españoles e italianos a los que se les administra un cuestionario de autopercepción de competencia digital construido ad hoc. La aplicación al aula de las competencias profesionales aprendidas por los docentes se sigue y complementa mediante análisis de datos al inicio y al final del proceso de formación y observación participante. Los resultados obtenidos indican un incremento del estímulo y motivación de los maestros y del alumnado con NEE. La utilización de metodología EAS facilita la profesionalización docente en tecnologías digitales didácticamente dirigidas.</subfield>
</datafield>
<datafield tag="024" ind2=" " ind1="8">
<subfield code="a">http://hdl.handle.net/10259/4474</subfield>
</datafield>
<datafield tag="024" ind2=" " ind1="8">
<subfield code="a">10.36443/10259/4474</subfield>
</datafield>
<datafield ind1=" " ind2=" " tag="653">
<subfield code="a">Innovacion didáctica</subfield>
</datafield>
<datafield ind1=" " ind2=" " tag="653">
<subfield code="a">EAS</subfield>
</datafield>
<datafield ind1=" " ind2=" " tag="653">
<subfield code="a">discapacidad</subfield>
</datafield>
<datafield ind1=" " ind2=" " tag="653">
<subfield code="a">formación docente</subfield>
</datafield>
<datafield ind1=" " ind2=" " tag="653">
<subfield code="a">clase al revés</subfield>
</datafield>
<datafield ind1=" " ind2=" " tag="653">
<subfield code="a">Didactic innovation</subfield>
</datafield>
<datafield ind1=" " ind2=" " tag="653">
<subfield code="a">education disability</subfield>
</datafield>
<datafield ind1=" " ind2=" " tag="653">
<subfield code="a">teacher training</subfield>
</datafield>
<datafield ind1=" " ind2=" " tag="653">
<subfield code="a">flipped lesson</subfield>
</datafield>
<datafield tag="245" ind1="0" ind2="0">
<subfield code="a">Competencia digital docente y educación de ACNEE: formación en episodios de aprendizaje situado (EAS) como innovación didáctica</subfield>
</datafield>
</record></metadata></record></GetRecord></OAI-PMH>